[Event "Challenge"]
[Site "http://www.queenalice.com/game.php?id=733942"]
[Date "2010.2.18"]
[Round "-"]
[White "Je"]
[Black "alanscardoso"]
[Result "0-1"]
[WhiteElo "1610"]
[BlackElo "2042"]

1. Nc3 e5 2. Nf3 Nc6 3. e4 Nf6 4. Bc4 Bc5 5. Ng5 d5 6. exd5 Na5 7. Bb5+ c6 8.
dxc6 bxc6 9. Ba4 h6 10. Nge4 Nxe4 11. Nxe4 Qb6 12. Qf3 O-O 13. O-O Be6 14. b3
Bd5 15. d3 f5 16. Ng3 Bxf3 17. gxf3 Rf6 18. c4 Rg6 19. Kh1 Bxf2 20. Ne2 e4 21.
Nf4 Rg1+ 22. Rxg1 Bxg1 23. Bd2 Bd4 24. h4 g5 25. hxg5 hxg5 26. Ne6 Bxa1 27. c5
Qb8 28. Bxa5 Qg3 29. Bc7 Qxf3+ 30. Kg1 e3 31. Nxg5 Qf2+ 32. Kh1 e2 33. Ba5 Be5
34. Nf3 Qxf3+ 35. Kg1 Qf1# 0-1

[Event "Challenge"]
[Site "http://www.queenalice.com/game.php?id=733943"]
[Date "2010.2.18"]
[Round "-"]
[White "Je"]
[Black "alanscardoso"]
[Result "0-1"]
[WhiteElo "1590"]
[BlackElo "2052"]

1. c4 Nf6 2. Nc3 g6 3. Nf3 Bg7 4. e4 d6 5. Qb3 O-O 6. Bd3 b6 7. O-O e5 8. Be2
Bb7 9. d3 Nbd7 10. Be3 Ng4 11. Bg5 f6 12. c5+ Kh8 13. Bh4 g5 14. Qe6 Nh6 15. Bg3
Nxc5 16. Qh3 Qe8 17. b4 Na6 18. Nb5 Bc8 19. Nxd6 cxd6 20. Rab1 Bxh3 21. gxh3 Nf7
22. a4 h5 23. h4 g4 24. Nd2 Bh6 25. Nc4 Qxa4 26. b5 Nc5 27. Bd1 Qa2 28. Be2 Qxe2
29. Na3 Nxd3 30. Rb3 Qxe4 31. Nc2 f5 32. Rd1 f4 33. Rdxd3 Rac8 34. f3 gxf3 35.
Ne1 fxg3 36. Nxf3 Rc1+ 37. Kg2 gxh2 38. Kxh2 Bf4+ 39. Kh3 Rg8 40. Rb2 Rg3+ 0-1

[Event "Challenge"]
[Site "http://www.queenalice.com/game.php?id=733944"]
[Date "2010.2.18"]
[Round "-"]
[White "Je"]
[Black "alanscardoso"]
[Result "0-1"]
[WhiteElo "1612"]
[BlackElo "2040"]

1. e4 e6 2. e5 d5 3. exd6 Bxd6 4. d4 Nf6 5. Nf3 O-O 6. Bd3 Nbd7 7. O-O c5 8. Be3
cxd4 9. Nxd4 a6 10. Nd2 e5 11. Nf5 Bc5 12. Bc4 Bxe3 13. fxe3 b5 14. Qf3 e4 15.
Qg3 g6 16. Nh6+ Kg7 17. Qg5 bxc4 18. Rf4 Nh5 19. Nf5+ Kh8 20. Ne7 Nxf4 21. exf4
f6 22. Nxg6+ hxg6 23. Qh6+ Kg8 24. Qxg6+ Kh8 25. Nxe4 Qe7 26. Re1 Qg7 27. Qh5+
Qh7 28. Qd5 Nb6 29. Qc5 Bb7 30. Nd6 Bxg2 31. Kxg2 Qxc2+ 32. Kh1 Qg6 33. Qxb6 Rg8
34. f5 Qg2# 0-1

[Event "AUTO-MASTER-1047"]
[Site "http://www.queenalice.com/game.php?id=733975"]
[Date "2010.2.18"]
[Round "1"]
[White "jrafaelcc"]
[Black "alanscardoso"]
[Result "1-0"]
[WhiteElo "1984"]
[BlackElo "1959"]

1. e4 e5 2. Nf3 Nc6 3. Bc4 Bc5 4. c3 Nf6 5. O-O O-O 6. Re1 d6 7. h3 Be6 8. Bb3
a5 9. d4 Bxb3 10. axb3 exd4 11. cxd4 Bb6 12. Bg5 h6 13. Bh4 Re8 14. Nc3 g5 15.
Bg3 1-0

[Event "AUTO-MASTER-1047"]
[Site "http://www.queenalice.com/game.php?id=733976"]
[Date "2010.2.18"]
[Round "1"]
[White "alanscardoso"]
[Black "jrafaelcc"]
[Result "0-1"]
[WhiteElo "1795"]
[BlackElo "1988"]

1. e4 c5 2. Nf3 d6 3. Bb5+ Bd7 4. Bxd7+ Nxd7 5. c4 Ngf6 6. Nc3 g6 7. d4 cxd4 8.
Nxd4 Bg7 9. O-O O-O 10. b3 Qb6 11. Be3 Qa5 12. Qc2 Rac8 13. Nd5 Nxd5 14. exd5 b5
15. Nc6 Qa6 16. Nxe7+ Kh8 0-1

[Event "AUTO-MASTER-1047"]
[Site "http://www.queenalice.com/game.php?id=733981"]
[Date "2010.2.18"]
[Round "1"]
[White "dossoman"]
[Black "alanscardoso"]
[Result "1-0"]
[WhiteElo "1991"]
[BlackElo "2054"]

1. d4 Nf6 2. c4 e6 3. Nf3 Bb4+ 4. Nbd2 b6 5. g3 Bb7 6. Bg2 O-O 7. O-O d5 8. Ne5
Nbd7 9. cxd5 Bxd5 10. e4 Bxd2 11. exd5 Bxc1 12. Nxd7 Qxd7 13. dxe6 1-0

[Event "AUTO-MASTER-1047"]
[Site "http://www.queenalice.com/game.php?id=733982"]
[Date "2010.2.18"]
[Round "1"]
[White "alanscardoso"]
[Black "dossoman"]
[Result "0-1"]
[WhiteElo "2013"]
[BlackElo "2146"]

1. e4 e5 2. Nf3 Nc6 3. Nc3 Nf6 4. d4 exd4 5. Nxd4 Bb4 6. Nxc6 bxc6 7. Bd3 h6 8.
Bd2 O-O 9. O-O Re8 10. Re1 d5 11. exd5 cxd5 12. Rxe8+ Qxe8 13. Nb5 Bxd2 14. Qxd2
Qe7 15. Re1 Be6 16. Nd4 c5 17. Nxe6 fxe6 18. Qe3 Rb8 19. b3 Rb6 20. Bf5 Kf7 0-1

[Event "Challenge"]
[Site "http://www.queenalice.com/game.php?id=734132"]
[Date "2010.2.19"]
[Round "-"]
[White "alanscardoso"]
[Black "davidg"]
[Result "0-1"]
[WhiteElo "2028"]
[BlackElo "2063"]

1. f4 d5 2. Nf3 c5 3. e3 e6 4. b3 Bd6 5. Bb2 f6 6. Bd3 Qb6 7. O-O c4 8. Be2 cxb3
9. axb3 Nc6 10. Nc3 Nge7 11. Qe1 O-O 12. g4 Bd7 13. g5 Nf5 14. Bd3 Nce7 15. Qf2
fxg5 0-1

[Event "Challenge"]
[Site "http://www.queenalice.com/game.php?id=734133"]
[Date "2010.2.19"]
[Round "-"]
[White "davidg"]
[Black "alanscardoso"]
[Result "1-0"]
[WhiteElo "2047"]
[BlackElo "2044"]

1. d4 f5 2. c4 Nf6 3. f3 e6 4. a3 c5 5. d5 Bd6 6. Nc3 O-O 7. Nb5 Be5 8. f4 Bc7
9. d6 Ba5+ 10. b4 cxb4 11. axb4 Bxb4+ 12. Bd2 Bxd2+ 13. Qxd2 Ne4 14. Qe3 Nc6 15.
Nf3 b6 16. g3 Qf6 17. Rb1 1-0

[Event "Challenge"]
[Site "http://www.queenalice.com/game.php?id=734394"]
[Date "2010.2.19"]
[Round "-"]
[White "babycrocket"]
[Black "alanscardoso"]
[Result "0-1"]
[WhiteElo "1758"]
[BlackElo "2039"]

1. e4 Nf6 2. d3 e5 3. Nf3 Nc6 4. c3 Bc5 5. h3 O-O 6. Be2 d5 7. Qc2 d4 8. O-O h6
9. Re1 Nh7 10. Bf1 Qf6 11. cxd4 Bxd4 12. Be3 Bxh3 13. Nc3 Be6 14. Qa4 Bxe3 15.
Rxe3 Ng5 16. Nd5 Nxf3+ 17. Rxf3 Qd8 18. Nc3 Bd7 19. Qd1 Bg4 0-1

[Event "Larsen attack"]
[Site "http://www.queenalice.com/game.php?id=735674"]
[Date "2010.2.21"]
[Round "-"]
[White "michas"]
[Black "alanscardoso"]
[Result "1-0"]
[WhiteElo "1756"]
[BlackElo "1897"]

1. b3 d5 2. Ba3 b6 3. e3 c5 4. Nf3 Bd7 5. Ne5 Nf6 6. Nxd7 Nbxd7 7. Bb5 e6 8. d4
Be7 9. dxc5 bxc5 10. O-O O-O 11. Bb2 a6 12. Be2 1-0